|
|
|
|
| LEADER |
00000nab a2200000 a 4500 |
| 001 |
vtls011628950 |
| 003 |
SK-MaSNL |
| 005 |
20260305032049.0 |
| 008 |
170515 2017 xo m 000 0 slo |
| 038 |
|
|
|a PPPK
|
| 040 |
|
|
|a PPPKCL
|b slo
|c PPPK
|e AACR2
|
| 041 |
0 |
|
|a slo
|
| 044 |
|
|
|a xo
|c SK
|
| 080 |
|
|
|a 364-3
|2 2011
|
| 080 |
|
|
|a 364-7
|2 2011
|
| 080 |
|
|
|a 316.344.6-056.26/.3
|2 2011
|
| 245 |
0 |
0 |
|a V Spišskej Belej už funguje prepravná služba
|
| 500 |
|
|
|a Autor článku nie je uvedený.
|
| 650 |
0 |
7 |
|a sociálna starostlivosť
|2 pppkcl
|9 3737
|
| 650 |
0 |
7 |
|a sociálne služby
|2 pppkcl
|9 3721
|
| 650 |
0 |
7 |
|a prepravné služby
|2 pppkcl
|9 770334
|
| 650 |
0 |
7 |
|a ťažko zdravotne postihnutí
|2 pppkcl
|9 71516
|
| 651 |
|
7 |
|a Spišská Belá (Slovensko)
|2 pppkcl
|9 16198
|
| 651 |
|
7 |
|a Kežmarok (Slovensko : okres)
|2 pppkcl
|9 51824
|
| 773 |
0 |
|
|t Spišskobeliansky spravodaj
|g Roč. 15, č. 4 (2017), s. 7
|x 1339-1534
|
| 852 |
|
|
|a PPPK
|b KIS3GCP
|
| 999 |
|
|
|c 3318587
|d 3320517
|